Mapa de las Trece Colonias - Estadísticas

Estadísticas generales
  • Esta prueba ha sido intentada 42 veces
  • La puntuación promedio es 11 de 13
Respuestas en el mapa
Las respuestas están codificadas por una escala verde-roja en el mapa de la prueba según el % correcto abajo.
 
Estadísticas de respuestas
Respuesta % Correcto
Nueva York
97%
Virginia
92%
Carolina del Norte
89%
Carolina del Sur
89%
Georgia
89%
Massachusetts
89%
Nueva Jersey
89%
Rhode Island
89%
Connecticut
84%
Pensilvania
84%
Maryland
81%
Delaware
78%
Nuevo Hampshire
70%
No se encontraron pruebas coincidentes
Distribución de puntuación
Porcentaje de gente con cada puntuación
Porcentaje por número respondido
Historial de tus puntuaciones
No has intentado esta prueba.